000 00616nam a2200193Ia 4500
003 IN-BaIIA
008 211028s9999 xx 000 0 eng d
040 _cIIA Library
080 _a083.7:621.9-434.5
_bISI
110 _aIndian Standards Institution
245 0 _aIndian standard dimensions for self-release 7/24 tapers for milling arbor and tool shanks
_cIndian Standards Institution
260 _aNew Delhi
_bIndian Standards Institution
_c1973
300 _a2p.
500 _aIS 2340 : 1972
650 _a Standards 
650 _a Tool Shanks-Standards
_99209
650 _aNASA Thesaurus 
942 _cBK
999 _c5216
_d5216